[Event "BL2-Ost 1920"]
[Site "Germany"]
[Date "2020.02.09"]
[Round "8.6"]
[White "Dehlinger, Alexander"]
[Black "Pflug, Matthias"]
[Result "1/2-1/2"]
[WhiteElo "2287"]
[BlackElo "2285"]
[PlyCount "40"]
[EventDate "2019.10.19"]
[EventType "team-tourn"]
[EventRounds "11"]
[EventCountry "GER"]
[SourceTitle "CBM 194 Extra"]
[Source "ChessBase"]
[SourceDate "2020.03.31"]
[SourceVersion "1"]
[SourceVersionDate "2020.03.31"]
[SourceQuality "1"]
[WhiteTeam "Garching"]
[BlackTeam "Passau"]
[WhiteTeamCountry "GER"]
[BlackTeamCountry "GER"]

1. Nf3 g6 2. d4 Nf6 3. c4 Bg7 4. g3 0-0 5. Bg2 d6 6. Nc3 Nc6 7. 0-0 a6 8. b3 Rb8 9. Nd5 b5 10. Nxf6+ Bxf6 11. Bh6 Re8 12. Rc1 e5 13. dxe5 Nxe5 14. Qd2 b4 15. Rfd1 Nxf3+ 16. Bxf3 Bc3 17. Qf4 Be5 18. Qd2 Bc3 19. Qf4 Be5 20. Qg5 Bf6 1/2-1/2

[Event "BL2-Ost 1920"]
[Site "Germany"]
[Date "2020.02.08"]
[Round "7.6"]
[White "Cabarkapa, Novak"]
[Black "Dehlinger, Alexander"]
[Result "1-0"]
[WhiteElo "2449"]
[BlackElo "2287"]
[PlyCount "77"]
[EventDate "2019.10.19"]
[EventType "team-tourn"]
[EventRounds "11"]
[EventCountry "GER"]
[SourceTitle "CBM 194 Extra"]
[Source "ChessBase"]
[SourceDate "2020.03.31"]
[SourceVersion "1"]
[SourceVersionDate "2020.03.31"]
[SourceQuality "1"]
[WhiteTeam "Deggendorf"]
[BlackTeam "Garching"]
[WhiteTeamCountry "GER"]
[BlackTeamCountry "GER"]

1. e4 c5 2. a3 g6 3. Bc4 Bg7 4. d3 Nc6 5. Nc3 e6 6. Ba2 Nge7 7. h4 h5 8. Bg5 a6 9. Nf3 b5 10. 0-0 Bb7 11. Re1 Qc7 12. Qd2 Nd4 13. Nxd4 cxd4 14. Ne2 Nc6 15. Bf4 d6 16. c3 dxc3 17. bxc3 Rc8 18. a4 b4 19. cxb4 Bxa1 20. Rxa1 Ne5 21. d4 Nd7 22. Bb1 e5 23. Bh6 f6 24. Ra3 Ke7 25. Rg3 Rhg8 26. Ba2 Bxe4 27. Bxg8 Rxg8 28. Nc3 Qb7 29. dxe5 dxe5 30. Nxe4 Qxe4 31. Rd3 Qc6 32. b5 axb5 33. Qb4+ Ke8 34. axb5 Qe6 35. Rd6 Qg4 36. Qb3 Rh8 37. Bg7 Nc5 38. Qd5 Rh7 39. Qg8+ 1-0

[Event "BL2-Ost 1920"]
[Site "Germany"]
[Date "2019.12.08"]
[Round "6.5"]
[White "Dehlinger, Alexander"]
[Black "Froewis, Georg"]
[Result "1/2-1/2"]
[WhiteElo "2287"]
[BlackElo "2432"]
[PlyCount "38"]
[EventDate "2019.10.19"]
[EventType "team-tourn"]
[EventRounds "11"]
[EventCountry "GER"]
[SourceTitle "CBM 194 Extra"]
[Source "ChessBase"]
[SourceDate "2020.03.31"]
[SourceVersion "1"]
[SourceVersionDate "2020.03.31"]
[SourceQuality "1"]
[WhiteTeam "Garching"]
[BlackTeam "Muenchen SC"]
[WhiteTeamCountry "GER"]
[BlackTeamCountry "GER"]

1. Nf3 d5 2. d4 Nf6 3. c4 e6 4. g3 Bb4+ 5. Bd2 Be7 6. Bg2 c6 7. Qc2 Nbd7 8. 0-0 b6 9. cxd5 cxd5 10. Rc1 Bb7 11. Qa4 a6 12. Bb4 0-0 13. Nbd2 Bxb4 14. Qxb4 a5 15. Qd6 Ne8 16. Qf4 Ba6 17. Bf1 Qe7 18. Ne5 f6 19. Nxd7 Qxd7 1/2-1/2

[Event "Oberliga Bayern 1819"]
[Site "Bayern"]
[Date "2018.12.16"]
[Round "4.1"]
[White "Kosic, Dragan"]
[Black "Dehlinger, Alexander"]
[Result "1/2-1/2"]
[WhiteElo "2470"]
[BlackElo "2261"]
[PlyCount "85"]
[EventDate "2018.10.21"]
[EventType "team-tourn"]
[EventRounds "9"]
[EventCountry "GER"]
[SourceTitle "EXT 2020"]
[Source "ChessBase"]
[SourceDate "2019.10.17"]
[SourceVersion "1"]
[SourceVersionDate "2019.10.17"]
[SourceQuality "1"]
[WhiteTeam "Muenchen Suedost"]
[BlackTeam "Garching II"]
[WhiteTeamCountry "GER"]
[BlackTeamCountry "GER"]

1. d4 Nf6 2. Nf3 e6 3. Bg5 c5 4. e3 Be7 5. Nbd2 b6 6. Bd3 Bb7 7. c3 cxd4 8. exd4 d6 9. Bxf6 Bxf6 10. Qe2 Nd7 11. h4 Be7 12. 0-0-0 a6 13. Kb1 b5 14. Nf1 Nf6 15. Ng3 Qd7 16. Rhe1 h6 17. Ka1 Bc6 18. Ng1 Qb7 19. f4 Bxg2 20. f5 Bd5 21. fxe6 Bxe6 22. Bf5 Qd5 23. Bxe6 fxe6 24. Nh3 g5 25. Qxe6 Qxe6 26. Rxe6 Kd7 27. Rde1 Nd5 28. Nf5 Rae8 29. a4 gxh4 30. R1e4 Rhf8 31. Nxe7 Rxe7 32. Rxe7+ Nxe7 33. axb5 axb5 34. Rxh4 Nf5 35. Rh5 b4 36. Ka2 bxc3 37. bxc3 Rf6 38. Kb3 Kc6 39. Nf4 Nxd4+ 40. cxd4 Rxf4 41. Rxh6 Rxd4 42. Kc3 Rg4 43. Rh5 1/2-1/2

[Event "Oberliga Bayern 1819"]
[Site "Bayern"]
[Date "2018.10.21"]
[Round "1.1"]
[White "Dehlinger, Alexander"]
[Black "Sedlak, Nikola"]
[Result "1-0"]
[WhiteElo "2261"]
[BlackElo "2604"]
[PlyCount "97"]
[EventDate "2018.10.21"]
[EventType "team-tourn"]
[EventRounds "9"]
[EventCountry "GER"]
[SourceTitle "EXT 2020"]
[Source "ChessBase"]
[SourceDate "2019.10.17"]
[SourceVersion "1"]
[SourceVersionDate "2019.10.17"]
[SourceQuality "1"]
[WhiteTeam "Garching II"]
[BlackTeam "Deggendorf"]
[WhiteTeamCountry "GER"]
[BlackTeamCountry "GER"]

1. Nf3 d5 2. d4 Bf5 3. c4 e6 4. Qb3 Nc6 5. Qxb7 Nb4 6. Na3 Rb8 7. Qxa7 Ra8 8. Qb7 dxc4 9. Bd2 Qd5 10. Qb5+ Qxb5 11. Nxb5 Nc2+ 12. Kd1 Rb8 13. Rc1 Rxb5 14. Rxc2 Bxc2+ 15. Kxc2 Nf6 16. e3 Bd6 17. Bxc4 Rb8 18. a4 Ke7 19. Ra1 c6 20. a5 Ne4 21. Be1 Bb4 22. Ne5 Rhc8 23. f3 Nd6 24. Ba6 Rc7 25. Bxb4 Rxb4 26. Nd3 Rb8 27. Nc5 Nb5 28. Bxb5 Rxb5 29. Kc3 Kd8 30. b4 Re7 31. f4 Kc7 32. g4 Kb8 33. g5 Ka7 34. h4 Rb8 35. Rg1 Rf8 36. h5 f6 37. Kc4 fxg5 38. Rxg5 h6 39. Re5 Rf5 40. Ne4 Rxe5 41. dxe5 g6 42. hxg6 Rg7 43. Nf6 Rxg6 44. Kc5 Rg3 45. e4 Rf3 46. f5 exf5 47. e6 fxe4 48. e7 Rf5+ 49. Kd4 1-0

[Event "Innsbruck op-A 2nd"]
[Site "Innsbruck"]
[Date "2018.08.26"]
[Round "3"]
[White "Dehlinger, Alexander"]
[Black "Lochte, Thomas"]
[Result "1-0"]
[WhiteElo "2282"]
[BlackElo "2083"]
[PlyCount "49"]
[EventDate "2018.08.24"]
[EventType "swiss"]
[EventRounds "9"]
[EventCountry "AUT"]
[SourceTitle "CBM 186 Extra"]
[Source "ChessBase"]
[SourceDate "2018.08.24"]
[SourceVersion "1"]
[SourceVersionDate "2018.08.24"]
[SourceQuality "1"]

1. Nf3 c5 2. c4 Nc6 3. Nc3 Nf6 4. g3 d5 5. d4 cxd4 6. Nxd4 e5 7. Nxc6 bxc6 8. Bg2 e4 9. 0-0 Be7 10. Qa4 Bd7 11. Rd1 0-0 12. Bf4 Qb6 13. cxd5 cxd5 14. Qb3 Be6 15. Qxb6 axb6 16. a3 Rfc8 17. Rac1 Bc5 18. Nb5 Ng4 19. e3 Rd8 20. Bf1 Rd7 21. Nc7 Rf8 22. b4 Bd6 23. Nxd5 Bxf4 24. Nxf4 Rxd1 25. Rxd1 1-0

[Event "Innsbruck op-A 2nd"]
[Site "Innsbruck"]
[Date "2018.08.24"]
[Round "1"]
[White "Dehlinger, Alexander"]
[Black "Narendran, Gouthaman"]
[Result "1/2-1/2"]
[WhiteElo "2282"]
[BlackElo "2010"]
[PlyCount "149"]
[EventDate "2018.08.24"]
[EventType "swiss"]
[EventRounds "9"]
[EventCountry "AUT"]
[SourceTitle "CBM 186 Extra"]
[Source "ChessBase"]
[SourceDate "2018.08.24"]
[SourceVersion "1"]
[SourceVersionDate "2018.08.24"]
[SourceQuality "1"]

1. Nf3 d5 2. d4 Nf6 3. c4 e6 4. g3 Bb4+ 5. Bd2 Bd6 6. Nc3 Nc6 7. Bg2 dxc4 8. Qa4 0-0 9. Qxc4 e5 10. d5 Nb4 11. 0-0 c6 12. dxc6 Nxc6 13. Rfd1 Be6 14. Qa4 Qb6 15. Be3 Bc5 16. Bxc5 Qxc5 17. Qb5 Qxb5 18. Nxb5 Bc4 19. Nc3 Rfd8 20. Nd2 Be6 21. Bxc6 bxc6 22. Nf3 e4 23. Nd4 Bd5 24. Nxd5 cxd5 25. Rac1 Kf8 26. Rc7 Ne8 27. Rc5 Rac8 28. Rdc1 Nd6 29. b3 Rxc5 30. Rxc5 Ne8 31. Ra5 Rd7 32. e3 Nf6 33. Nb5 Rb7 34. h3 a6 35. Nc3 Rd7 36. Rxa6 d4 37. exd4 Rxd4 38. Ra4 Rd2 39. Nxe4 Nxe4 40. Rxe4 Rxa2 41. h4 h5 42. Kg2 Rb2 43. Re3 g6 44. Kf1 Rb1+ 45. Ke2 Rb2+ 46. Ke1 Rb1+ 47. Kd2 Rb2+ 48. Ke1 Rb1+ 49. Ke2 Rb2+ 50. Kf3 Kg7 51. Rc3 Kh6 52. Ke3 f6 53. f4 g5 54. Ke4 gxh4 55. gxh4 Rh2 56. Kf5 Rxh4 57. b4 Rg4 58. b5 Rg8 59. b6 Rb8 60. Rb3 Kg7 61. Ke6 Kg6 62. Rb1 h4 63. b7 h3 64. f5+ Kg5 65. Rg1+ Kf4 66. Rf1+ Kg3 67. Kxf6 Rxb7 68. Kg6 h2 69. Rh1 Kg2 70. Rxh2+ Kxh2 71. f6 Kg3 72. f7 Rb8 73. Kg7 Kg4 74. f8Q Rxf8 75. Kxf8 1/2-1/2

[Event "Landesliga Sued 1718"]
[Site "Bayern"]
[Date "2018.03.18"]
[Round "8.1"]
[White "Dehlinger, Alexander"]
[Black "Maksimenko, Andrei"]
[Result "1/2-1/2"]
[WhiteElo "2291"]
[BlackElo "2470"]
[PlyCount "290"]
[EventDate "2017.10.22"]
[EventType "team-tourn"]
[EventRounds "9"]
[EventCountry "GER"]
[SourceTitle "EXT 2022"]
[Source "ChessBase"]
[SourceDate "2021.10.06"]
[SourceVersion "1"]
[SourceVersionDate "2021.10.06"]
[SourceQuality "1"]
[WhiteTeam "Garching II"]
[BlackTeam "Muenchen Tarrasch"]
[WhiteTeamCountry "GER"]
[BlackTeamCountry "GER"]

1. Nf3 d5 2. d4 Nf6 3. c4 dxc4 4. e3 e6 5. Bxc4 c5 6. 0-0 Nc6 7. dxc5 Bxc5 8. Qxd8+ Kxd8 9. Nbd2 Ke7 10. a3 Bd7 11. Be2 Rhc8 12. b4 Bd6 13. Nc4 Bc7 14. Bb2 Nd5 15. Bxg7 f6 16. Bh6 b5 17. Ncd2 Ne5 18. Bf4 Nc3 19. Nd4 Bb6 20. Bh5 Nd3 21. Bg3 a5 22. Bf3 Ra7 23. bxa5 Rxa5 24. Bb7 Rd8 25. N2b3 Ra7 26. Nc6+ Bxc6 27. Bxc6 e5 28. Bf3 Ke6 29. Bh4 Ra4 30. g3 Rg8 31. Kg2 Rg7 32. Nd2 Rga7 33. Nb1 Ne2 34. Kh1 b4 35. Bc6 R4a5 36. a4 b3 37. Ra3 Nec1 38. Bb5 Bc5 39. Bxd3 Bxa3 40. Bc4+ Ke7 41. Bxb3 Nxb3 42. Nxa3 Rxa4 43. Nb5 R7a5 44. Nc3 Rc4 45. Nb1 Rc2 46. Kg2 Ke6 47. g4 Ra4 48. h3 h5 49. Kg3 hxg4 50. hxg4 Ra1 51. Rd1 Rc8 52. f4 Nc1 53. f5+ Ke7 54. Bxf6+ Kxf6 55. Rd6+ Ke7 56. Re6+ Kd7 57. Nd2 Ra2 58. Nf3 Ne2+ 59. Kh4 Nc3 60. Nxe5+ Kc7 61. Rc6+ Kb7 62. Rc4 Ra4 63. Rxa4 Nxa4 64. g5 Nc5 65. g6 Ne4 66. g7 Re8 67. Kh5 Kc7 68. Kg6 Kd6 69. f6 Kxe5 70. f7 Re6+ 71. Kh5 Ng3+ 72. Kg4 Rg6+ 73. Kf3 Rxg7 74. f8Q Nf5 75. Qc5+ Ke6 76. Qc4+ Kf6 77. Qa6+ Ke5 78. Qa1+ Ke6 79. e4 Nh4+ 80. Ke3 Rg3+ 81. Kf4 Rg6 82. Qa6+ Kd7 83. Qb5+ Rc6 84. Qd5+ Kc7 85. Qf7+ Kb6 86. Qb3+ Kc7 87. Qf7+ Kb6 88. Ke3 Ng6 89. Qb3+ Kc7 90. Qf7+ Kd8 91. Qg8+ Kd7 92. Qd5+ Rd6 93. Qf5+ Ke7 94. Qg5+ Kd7 95. Qf5+ Ke7 96. Qc5 Ke6 97. Qc4+ Ke7 98. Qc7+ Ke6 99. Qc8+ Ke7 100. Qa8 Re6 101. Qb7+ Kf6 102. Qc8 Kf7 103. Qd7+ Kf6 104. Qd8+ Kf7 105. Kd4 Nf8 106. Qc7+ Ke8 107. Kd5 Rg6 108. Qe5+ Kf7 109. Qf5+ Ke7 110. e5 Ke8 111. Qc8+ Kf7 112. Qc7+ Ke8 113. Qc8+ Kf7 114. Qb7+ Ke8 115. Qc7 Rh6 116. Qc8+ Ke7 117. Qc5+ Ke8 118. Qb5+ Ke7 119. Qb7+ Ke8 120. Ke4 Rg6 121. Kf5 Rh6 122. Qb5+ Ke7 123. Qc5+ Ke8 124. Qc7 Rh5+ 125. Ke4 Rh4+ 126. Kf3 Rh3+ 127. Kg4 Rh6 128. Qc1 Rg6+ 129. Kf5 Ke7 130. Qc4 Rh6 131. Qc5+ Ke8 132. Qc8+ Ke7 133. Qc5+ Ke8 134. Qb5+ Ke7 135. Ke4 Rg6 136. Qc5+ Ke8 137. Qc1 Ke7 138. Kd5 Ke8 139. Qh1 Ke7 140. Qh3 Ke8 141. Qh4 Kd7 142. Ke4 Ke8 143. Kf5 Kd7 144. Qa4+ Ke7 145. Qb4+ Ke8 1/2-1/2

[Event "Bayern-chI Bank Hofmann 21st"]
[Site "Tegernsee"]
[Date "2017.11.01"]
[Round "5"]
[White "Dehlinger, Alexander"]
[Black "Zhao, Shengxin"]
[Result "1-0"]
[WhiteElo "2276"]
[BlackElo "2113"]
[PlyCount "197"]
[EventDate "2017.10.28"]
[EventType "swiss"]
[EventRounds "9"]
[EventCountry "GER"]
[SourceTitle "CBM 181 Extra"]
[Source "ChessBase"]
[SourceDate "2017.12.12"]
[SourceVersion "1"]
[SourceVersionDate "2017.12.12"]
[SourceQuality "1"]

1. d4 d5 2. c4 e6 3. Nf3 Nf6 4. g3 dxc4 5. Bg2 c6 6. Ne5 c5 7. Qa4+ Nbd7 8. dxc5 Bxc5 9. Nxc4 0-0 10. 0-0 Nb6 11. Qb3 Nxc4 12. Qxc4 Qc7 13. Be3 Bd6 14. Qxc7 Bxc7 15. Nc3 Bd7 16. Rac1 Be5 17. Rfd1 Bxc3 18. Rxc3 Nd5 19. Bxd5 exd5 20. Rxd5 Bc6 21. Rd2 Rfd8 22. Rcd3 Rxd3 23. Rxd3 a5 24. f3 f5 25. Kf2 Re8 26. b3 a4 27. h3 h5 28. Rc3 axb3 29. axb3 Re6 30. Rc5 g6 31. b4 b5 32. Bd4 Kf7 33. e3 Ke7 34. Rc2 Kd7 35. Bc5 Re5 36. Ra2 Bb7 37. Ra7 Kc6 38. Ra1 Kd7 39. Rg1 Rd5 40. Ke2 Re5 41. g4 hxg4 42. hxg4 fxg4 43. Rxg4 Re6 44. e4 Bc6 45. Ke3 Kc7 46. Rg1 Be8 47. Ra1 Bc6 48. Rh1 Bd7 49. Rh7 Ra6 50. Rg7 Re6 51. Rf7 Kc6 52. Kf4 Be8 53. Rf8 Kd7 54. Kg4 Re5 55. Bd4 Rh5 56. Rf6 Ke7 57. Rb6 Bd7+ 58. Kf4 Be8 59. Rb7+ Bd7 60. Bc5+ Ke6 61. Ke3 Rg5 62. Kd4 Rh5 63. Kd3 Rh3 64. Ke3 Rh5 65. Kf4 Rh3 66. Rb6+ Kf7 67. Bd4 g5+ 68. Ke5 Rxf3 69. Rb7 Ke8 70. Rb8+ Kf7 71. Rb7 Ke8 72. Bc5 Rf4 73. Rb8+ Kf7 74. Kd6 Bh3 75. e5 Re4 76. Rxb5 Kg6 77. Rb8 Bf5 78. Rg8+ Kh6 79. Rf8 Bg6 80. b5 Kg7 81. Rf2 Re1 82. Rd2 g4 83. b6 Be4 84. Rd4 Bf3 85. Rf4 Rd1+ 86. Bd4 Kg6 87. Kc5 Kg5 88. Rf8 Be4 89. Be3+ Kg6 90. Rf6+ Kg7 91. Rd6 Rxd6 92. Kxd6 Kf7 93. Bf4 Ke8 94. Kc7 Ke7 95. b7 Bxb7 96. Kxb7 Ke6 97. Bg3 Kf5 98. Kc6 Ke6 99. Kc5 1-0

[Event "Bayern-chI Bank Hofmann 21st"]
[Site "Tegernsee"]
[Date "2017.10.29"]
[Round "2"]
[White "Basener, Winfried"]
[Black "Dehlinger, Alexander"]
[Result "0-1"]
[WhiteElo "2035"]
[BlackElo "2276"]
[PlyCount "70"]
[EventDate "2017.10.28"]
[EventType "swiss"]
[EventRounds "9"]
[EventCountry "GER"]
[SourceTitle "CBM 181 Extra"]
[Source "ChessBase"]
[SourceDate "2017.12.12"]
[SourceVersion "1"]
[SourceVersionDate "2017.12.12"]
[SourceQuality "1"]

1. g3 d5 2. Bg2 Nf6 3. c4 e6 4. Nf3 dxc4 5. Qa4+ c6 6. Qxc4 b5 7. Qc2 Bb7 8. 0-0 Nbd7 9. d3 a6 10. Nbd2 c5 11. Nb3 Bd6 12. Bd2 Rc8 13. Na5 Ba8 14. a4 0-0 15. axb5 axb5 16. Rfc1 h6 17. h3 Qb6 18. e4 Qb8 19. Be3 c4 20. Nd2 cxd3 21. Qxd3 Nc5 22. Qe2 Be7 23. Kh2 Rfd8 24. Rc3 Na4 25. Rb3 Qc7 26. Rxb5 Qc2 27. e5 Bxg2 28. Kxg2 Nd5 29. Nb7 Nxe3+ 30. Qxe3 Rxd2 31. Nd6 Bxd6 32. exd6 Qc6+ 33. Kg1 Rxd6 34. Rb4 Nb6 35. Ra6 Rd1+ 0-1

[Event "GER Cup 1617 final"]
[Site "Niederhausen"]
[Date "2017.06.17"]
[Round "5.10"]
[White "Quast, Marcel"]
[Black "Dehlinger, Alexander"]
[Result "0-1"]
[WhiteElo "2241"]
[BlackElo "2272"]
[PlyCount "70"]
[EventDate "2017.06.15"]
[EventType "swiss"]
[EventRounds "5"]
[EventCountry "GER"]
[SourceTitle "EXT 2019"]
[Source "ChessBase"]
[SourceDate "2018.10.10"]
[SourceVersion "1"]
[SourceVersionDate "2018.10.10"]
[SourceQuality "1"]

1. e4 c5 2. d4 cxd4 3. c3 Nf6 4. e5 Nd5 5. Nf3 Nc6 6. Bc4 Nb6 7. Bb3 d5 8. exd6 Qxd6 9. 0-0 Be6 10. Na3 dxc3 11. Bxe6 Qxd1 12. Rxd1 fxe6 13. Nb5 Rc8 14. Ng5 c2 15. Re1 e5 16. Nf3 g6 17. Bd2 Bg7 18. Re4 0-0 19. Rc1 Nd4 20. Na3 Rxf3 21. gxf3 Nxf3+ 22. Kg2 Nxd2 23. Re2 Bh6 24. Rxc2 Rxc2 25. Nxc2 Bf4 26. Ne1 e4 27. f3 Nxf3 28. Nxf3 exf3+ 29. Kxf3 Bd6 30. Ke4 Kf7 31. h3 Kf6 32. Rf2+ Kg5 33. Rf7 h5 34. Rg7 Nc4 35. Kd5 Ne5 0-1

[Event "Landesliga Sued 1617"]
[Site "Bayern"]
[Date "2017.04.30"]
[Round "9.1"]
[White "Dehlinger, Alexander"]
[Black "Riediger, Martin"]
[Result "1-0"]
[WhiteElo "2265"]
[BlackElo "2229"]
[PlyCount "95"]
[EventDate "2016.10.16"]
[EventType "team-tourn"]
[EventRounds "9"]
[EventCountry "GER"]
[SourceTitle "EXT 2019"]
[Source "ChessBase"]
[SourceDate "2018.10.10"]
[SourceVersion "1"]
[SourceVersionDate "2018.10.10"]
[SourceQuality "1"]
[WhiteTeam "Garching II"]
[BlackTeam "Rottal"]
[WhiteTeamCountry "GER"]
[BlackTeamCountry "GER"]

1. Nf3 d5 2. d4 Nf6 3. c4 c6 4. Qc2 dxc4 5. Qxc4 Bg4 6. Nc3 Nbd7 7. e4 e5 8. Nxe5 Nxe5 9. dxe5 Be6 10. Qd3 Ng4 11. Qxd8+ Rxd8 12. Bf4 Bc5 13. Bg3 Bd4 14. Rd1 Bxe5 15. Rxd8+ Kxd8 16. Bxe5 Nxe5 17. f4 Ng4 18. Be2 Nh6 19. Kf2 f6 20. a3 Ke7 21. Ke3 Nf7 22. h4 Rd8 23. g4 h6 24. h5 Nd6 25. Rd1 Bb3 26. Rd4 c5 27. Nd5+ Kf7 28. Rd2 Nc4+ 29. Bxc4 Bxc4 30. b4 cxb4 31. axb4 Rd7 32. Kd4 Bb3 33. Rd3 Bc2 34. Rd2 Bb3 35. Rb2 Bd1 36. Rg2 Bf3 37. Rg1 Be2 38. Rg2 Bf3 39. Rg1 Be2 40. Rg3 b6 41. Rg2 Ba6 42. Ra2 Bf1 43. Rf2 Ba6 44. Rc2 Bf1 45. Ke3 Bh3 46. Kf3 Bf1 47. Rc1 Ba6 48. Ke3 1-0

[Event "Landesliga Sued 1617"]
[Site "Bayern"]
[Date "2017.04.02"]
[Round "8.1"]
[White "Burlacu, Bogdan"]
[Black "Dehlinger, Alexander"]
[Result "1/2-1/2"]
[WhiteElo "2324"]
[BlackElo "2265"]
[PlyCount "58"]
[EventDate "2016.10.16"]
[EventType "team-tourn"]
[EventRounds "9"]
[EventCountry "GER"]
[SourceTitle "EXT 2019"]
[Source "ChessBase"]
[SourceDate "2018.10.10"]
[SourceVersion "1"]
[SourceVersionDate "2018.10.10"]
[SourceQuality "1"]
[WhiteTeam "Roehrnbach"]
[BlackTeam "Garching II"]
[WhiteTeamCountry "GER"]
[BlackTeamCountry "GER"]

1. e4 c5 2. Nf3 Nc6 3. Bb5 Nf6 4. e5 Nd5 5. 0-0 Nc7 6. Be2 g6 7. Re1 Bg7 8. Bf1 d6 9. exd6 Qxd6 10. Nc3 b6 11. b3 0-0 12. Bb2 e5 13. Nb5 Nxb5 14. Bxb5 Nd4 15. Nxd4 exd4 16. Qf3 Be6 17. Qg3 Rfd8 18. Qxd6 Rxd6 19. Bf1 Kf8 20. a4 Bh6 21. d3 Re8 22. Re2 a5 23. h3 Bd5 24. Rxe8+ Kxe8 25. Re1+ Re6 26. Rxe6+ Bxe6 27. g3 Kd7 28. Bg2 Kd6 29. Kf1 Bg5 1/2-1/2

[Event "Landesliga Sued 1617"]
[Site "Bayern"]
[Date "2017.01.15"]
[Round "4.1"]
[White "Dehlinger, Alexander"]
[Black "Grimberg, Boris"]
[Result "1-0"]
[WhiteElo "2265"]
[BlackElo "2313"]
[PlyCount "95"]
[EventDate "2016.10.16"]
[EventType "team-tourn"]
[EventRounds "9"]
[EventCountry "GER"]
[SourceTitle "EXT 2019"]
[Source "ChessBase"]
[SourceDate "2018.10.10"]
[SourceVersion "1"]
[SourceVersionDate "2018.10.10"]
[SourceQuality "1"]
[WhiteTeam "Garching II"]
[BlackTeam "Haunstetten"]
[WhiteTeamCountry "GER"]
[BlackTeamCountry "GER"]

1. Nf3 c5 2. c4 Nf6 3. Nc3 d5 4. cxd5 Nxd5 5. d4 Nxc3 6. bxc3 g6 7. Bg5 Bg7 8. e3 0-0 9. Bd3 Nc6 10. 0-0 Qd6 11. Be4 Re8 12. Bf4 Qe6 13. Qb1 Na5 14. Qb5 Bd7 15. Qxa5 Qxe4 16. Qxc5 Rec8 17. Qb4 a5 18. Qb3 Be6 19. Ng5 Bxb3 20. Nxe4 Bd5 21. Nc5 a4 22. e4 Rxc5 23. dxc5 Bxe4 24. Rac1 e5 25. Rfe1 Bxg2 26. Kxg2 exf4 27. Re7 Rc8 28. Rxb7 Rxc5 29. Rb8+ Bf8 30. c4 Kg7 31. Rb5 Rc6 32. c5 g5 33. h3 h5 34. Rc4 a3 35. Ra5 Kf6 36. Rxa3 Ke5 37. f3 Kd5 38. Rac3 Bg7 39. Rc2 Bd4 40. Ra4 Be3 41. Ra8 f5 42. Rd8+ Ke5 43. Rd6 Rc7 44. Rg6 Bxc5 45. Rxg5 h4 46. Kf1 Kf6 47. Rg8 Ke5 48. Rd8 1-0

[Event "BL2-Ost 1617"]
[Site "Germany"]
[Date "2016.10.15"]
[Round "1.8"]
[White "Loew, Gerald"]
[Black "Dehlinger, Alexander"]
[Result "1/2-1/2"]
[WhiteElo "2251"]
[BlackElo "2275"]
[PlyCount "34"]
[EventDate "2016.10.14"]
[EventType "team-tourn"]
[EventRounds "10"]
[EventCountry "GER"]
[SourceTitle "CBM 175 Extra"]
[Source "ChessBase"]
[SourceDate "2016.12.12"]
[SourceVersion "1"]
[SourceVersionDate "2016.12.12"]
[SourceQuality "1"]
[WhiteTeam "Bindlach"]
[BlackTeam "Garching"]
[WhiteTeamCountry "GER"]
[BlackTeamCountry "GER"]

1. c4 Nf6 2. g3 e6 3. Bg2 d5 4. Nf3 dxc4 5. Qa4+ c6 6. Qxc4 b5 7. Qc2 Bb7 8. 0-0 Nbd7 9. Nc3 Be7 10. d4 a6 11. Rd1 Qb6 12. e4 c5 13. d5 0-0 14. Bf4 exd5 15. e5 Nh5 16. Nxd5 Bxd5 17. Rxd5 Nxf4 1/2-1/2

[Event "Landesliga Sued 1516"]
[Site "Bayern"]
[Date "2016.03.13"]
[Round "8.3"]
[White "Billing, Christian"]
[Black "Dehlinger, Alexander"]
[Result "1/2-1/2"]
[WhiteElo "2150"]
[BlackElo "2234"]
[PlyCount "47"]
[EventDate "2015.10.11"]
[EventType "team-tourn"]
[EventRounds "9"]
[EventCountry "GER"]
[SourceTitle "EXT 2018"]
[Source "ChessBase"]
[SourceDate "2017.10.13"]
[SourceVersion "1"]
[SourceVersionDate "2017.10.13"]
[SourceQuality "1"]
[WhiteTeam "Dillingen"]
[BlackTeam "Garching II"]
[WhiteTeamCountry "GER"]
[BlackTeamCountry "GER"]

1. e4 c5 2. Nf3 Nc6 3. Bb5 Nf6 4. Bxc6 dxc6 5. d3 Bg4 6. Nbd2 Nd7 7. Nc4 f6 8. b3 e5 9. Bb2 Qc7 10. Qd2 Be7 11. Ne3 Bxf3 12. gxf3 Nf8 13. 0-0-0 Ne6 14. Rhg1 0-0-0 15. Kb1 g6 16. Rg3 Nf4 17. Ng2 Ne6 18. h4 Bd6 19. Rh1 Ng7 20. Rg4 Nh5 21. Ne3 Nf4 22. Ng2 Nh5 23. Ne3 Nf4 24. Ng2 1/2-1/2

[Event "Graz op-A"]
[Site "Graz"]
[Date "2016.02.18"]
[Round "8"]
[White "Szotkowski, Jakub"]
[Black "Dehlinger, Alexander"]
[Result "1/2-1/2"]
[WhiteElo "2369"]
[BlackElo "2234"]
[PlyCount "112"]
[EventDate "2016.02.12"]
[EventType "swiss"]
[EventRounds "9"]
[EventCountry "AUT"]
[SourceTitle "CBM 170 Extra"]
[Source "ChessBase"]
[SourceDate "2016.02.25"]
[SourceVersion "1"]
[SourceVersionDate "2016.02.25"]
[SourceQuality "1"]

1. e4 c5 2. Nf3 Nc6 3. Bb5 Nf6 4. Nc3 g6 5. 0-0 Bg7 6. Bxc6 dxc6 7. d3 0-0 8. Be3 b6 9. h3 e5 10. Qd2 Qd6 11. Nh2 Nh5 12. Rae1 f5 13. exf5 gxf5 14. f4 Nxf4 15. Bxf4 exf4 16. Qxf4 Qxf4 17. Rxf4 Bd7 18. Re7 Rf7 19. Rxf7 Kxf7 20. Nf3 Kg6 21. Kf2 Re8 22. Nd1 Bh6 23. Ra4 a5 24. b3 Be6 25. d4 cxd4 26. Rxd4 Bf8 27. Ne5+ Kf6 28. Nd3 Be7 29. Ne3 Rd8 30. Rh4 Kg7 31. Rh5 Bf7 32. Nxf5+ Kf6 33. Rxh7 Bf8 34. Ne3 a4 35. Rh4 axb3 36. Rf4+ Kg7 37. axb3 Bxb3 38. Nb4 Ba4 39. Rg4+ Kf7 40. Rf4+ Kg7 41. Nbd5 Bxc2 42. Nxb6 Bc5 43. Rc4 Bxb6 44. Rxc2 Rd3 45. Re2 Kf6 46. Kf3 Ke5 47. Re1 Bd4 48. h4 c5 49. h5 c4 50. h6 Kf6 51. g4 Kg6 52. g5 Kxg5 53. h7 Bxe3 54. Rxe3 Rd8 55. Rc3 Rh8 56. Rxc4 Rxh7 1/2-1/2

[Event "Graz op-A"]
[Site "Graz"]
[Date "2016.02.15"]
[Round "5"]
[White "Dehlinger, Alexander"]
[Black "Plenca, Julian"]
[Result "1/2-1/2"]
[WhiteElo "2234"]
[BlackElo "2389"]
[PlyCount "64"]
[EventDate "2016.02.12"]
[EventType "swiss"]
[EventRounds "9"]
[EventCountry "AUT"]
[SourceTitle "CBM 170 Extra"]
[Source "ChessBase"]
[SourceDate "2016.02.25"]
[SourceVersion "1"]
[SourceVersionDate "2016.02.25"]
[SourceQuality "1"]

1. Nf3 Nf6 2. c4 g6 3. g3 Bg7 4. Bg2 d5 5. cxd5 Nxd5 6. d4 Nb6 7. Nc3 Nc6 8. e3 0-0 9. 0-0 e5 10. d5 Na5 11. e4 c6 12. Bg5 f6 13. Be3 cxd5 14. Bxb6 Qxb6 15. Nxd5 Qd8 16. Rc1 Nc6 17. Qb3 Rf7 18. Rfd1 Be6 19. Bf1 Bh6 20. Rc3 Kg7 21. Bb5 Rc8 22. Qa4 Qe8 23. Nb4 Bg4 24. Nxc6 bxc6 25. Bc4 Re7 26. Rd6 Rd8 27. Rxd8 Qxd8 28. Kg2 Qb6 29. Rb3 Qc7 30. Rc3 Qb6 31. Rb3 Qc7 32. Rc3 Qb6 1/2-1/2